000 00216 a2200097 4500
001 17659
100 _aSissiom L E
245 _aElements of transport phenomena
260 _a
_bMcGraw-Hill
_c
090 _c13044
_d13044
942 _aNUST-CAE
_cM
_c3386
999 _c252732
_d252732